Biblioteca ESET

Ciencias sociales. (Registro nro. 112)

Detalles MARC
000 -CABECERA
fixed length control field 02125Cam#a2200421#a#4500
005 - FECHA Y HORA DE LA ULTIMA TRANSACCION
control field 20220224182328.0
008 - ELEMENTOS DE LONGITUD FIJA-INFORMACION GENERAL
fixed length control field 160629s2013 ag abdoj#f #000|0#spa#d
020 ## - NUMERO INTERNACIONAL NORMALIZADO PARA LIBROS
Número Internacional Normalizado del libro 9789877311259
040 ## - FUENTE DE CATALOGACION
Agencia de catalogación original AR-BeUNQ
Idioma de catalogación ESPAÑOL
082 04 - NUMERO DE CLASIFICACION DECIMAL DEWEYMBER
Número de clasificación 907
Número de la edición 21
245 00 - MENCION DE TITULO
Título Ciencias sociales.
Mención de responsabilidad, etc proyecto didáctico de Ediciones SM Argentina ; dirección editorial, Silvia Lanteri ; con la colaboración de Marcelo N. Musa, Norma I. Vallejo y Marta I. Jürgensen
Número de la parte/sección de la obra 1 /
250 ## - MENCION DE EDICION
Mención de edición Ed. actualizada
260 ## - PUBLICACION, DISTRIBUCION, ETC.
Lugar de publicación, distribución, etc. Buenos Aires :
Nombre del editor, distribuidor, etc. SM,
Fecha de publicación, distribución, etc c2015.
300 ## - DESCRIPCION FISICA
Extensión 271 p. :
Otros detalles físicos il., fot., gráficos ;
Dimensiones 27 cm +
Material acompañante 1 planisferio político
504 ## - NOTA DE BIBLIOGRAFIA, ETC.
Nota de bibliografía, etc. Incluye referencias bibliográficas.
505 0# - NOTA DE CONTENIDO
Nota de contenido con formato preestablecido Bloque 1. La geografía como ciencia social -- bloque 2. El mundo globalizado en que vivimos -- bloque 3. La historia como ciencia social -- bloque 4. Los comienzos de la humanidad -- bloque 5. Los comienzos del desarrollo agrícola -- bloque 6. La formación del occidente europeo
650 #7 - ASIENTO SECUNDARIO DE MATERIA - TERMINO TEMATICO
Término temático o nombre geográfico como elemento de entrada Ciencias sociales
Fuente del encabezamiento o términ toit
650 #7 - ASIENTO SECUNDARIO DE MATERIA - TERMINO TEMATICO
Término temático o nombre geográfico como elemento de entrada Historia
Fuente del encabezamiento o términ spines
650 #7 - ASIENTO SECUNDARIO DE MATERIA - TERMINO TEMATICO
Término temático o nombre geográfico como elemento de entrada Prehistoria
Fuente del encabezamiento o términ spines
650 #7 - ASIENTO SECUNDARIO DE MATERIA - TERMINO TEMATICO
Término temático o nombre geográfico como elemento de entrada Historia antigua
Fuente del encabezamiento o términ spines
650 #7 - ASIENTO SECUNDARIO DE MATERIA - TERMINO TEMATICO
Término temático o nombre geográfico como elemento de entrada Historia medieval
Fuente del encabezamiento o términ spines
650 #7 - ASIENTO SECUNDARIO DE MATERIA - TERMINO TEMATICO
Término temático o nombre geográfico como elemento de entrada Geografía
Fuente del encabezamiento o términ spines
650 #7 - ASIENTO SECUNDARIO DE MATERIA - TERMINO TEMATICO
Término temático o nombre geográfico como elemento de entrada Geografía política
Fuente del encabezamiento o términ spines
650 #7 - ASIENTO SECUNDARIO DE MATERIA - TERMINO TEMATICO
Término temático o nombre geográfico como elemento de entrada Geografía física
Fuente del encabezamiento o términ spines
650 #7 - ASIENTO SECUNDARIO DE MATERIA - TERMINO TEMATICO
Término temático o nombre geográfico como elemento de entrada Manuales
Fuente del encabezamiento o términ spines
650 #7 - ASIENTO SECUNDARIO DE MATERIA - TERMINO TEMATICO
Término temático o nombre geográfico como elemento de entrada Enseñanza media
Fuente del encabezamiento o términ spines
700 1# - ASIENTO SECUNDARIO - NOMBRE DE PERSONA
Personal name Lanteri, Silvia,
Relator term directora
Relationship drt
700 1# - ASIENTO SECUNDARIO - NOMBRE DE PERSONA
Personal name Musa, Marcelo N.,
Relator term autora.
Relationship aut
700 1# - ASIENTO SECUNDARIO - NOMBRE DE PERSONA
Personal name Vallejo, Norma I.,
Relator term editor.
Relationship edt
700 1# - ASIENTO SECUNDARIO - NOMBRE DE PERSONA
Personal name Jürgensen, Marta I.,
Relator term editora
Relationship edt
830 #0 - ASIENTO SECUNDARIO DE SERIE--TITULO UNIFORME
Título uniforme Conecta 2.0 (SM).
929 ## - DATOS DE ADQUISICION
Procedencia COMPRA
Proveedor El Monje Libros
Orden de compra Compra 2015 Exp. 827-2158/15
Precio 184,50
Fecha de recibido 20151229
Patrimonio UNQ PAT0063053
Número de inventario 54678
929 ## - DATOS DE ADQUISICION
Procedencia COMPRA
Proveedor El Monje Libros
Orden de compra Compra 2015 Exp. 827-2158/15
Precio 184,50
Fecha de recibido 20151229
Patrimonio UNQ PAT0063054
Número de inventario 54679
929 ## - DATOS DE ADQUISICION
Procedencia COMPRA
Proveedor El Monje Libros
Orden de compra Compra 2015 Exp. 827-2158/15
Precio 184,50
Fecha de recibido 20151229
Patrimonio UNQ PAT0063055
Número de inventario 54680
929 ## - DATOS DE ADQUISICION
Procedencia COMPRA
Proveedor El Monje Libros
Orden de compra Compra 2015 Exp. 827-2158/15
Precio 184,50
Fecha de recibido 20151229
Patrimonio UNQ PAT0063056
Número de inventario 54681
929 ## - DATOS DE ADQUISICION
Procedencia COMPRA
Proveedor El Monje Libros
Orden de compra Compra 2015 Exp. 827-2158/15
Precio 184,50
Fecha de recibido 20151229
Patrimonio UNQ PAT0063057
Número de inventario 54682
942 ## - ELEMENTOS DE PUNTO DE ACCESO ADICIONAL (KOHA)
Tipo de ítem Koha Libros
Suppress in OPAC 0
Existencias
Estado de retiro Estado de pérdida Especificación de materiales (volumen encuadernado u otra parte) Ubicación permanente Ubicación actual Ubicación en estantería Fecha de ingreso Numeración serial Total Checkouts Signatura topográfica completa Inventario Date last seen Número de copia Tipo de ítem Koha Operador
    1 Biblioteca ESET - UNQ Biblioteca ESET - UNQ CIRCULACION 21/07/2016 v. 1   907 CIE 54678 21/07/2016 1 Libros CG
    1 Biblioteca ESET - UNQ Biblioteca ESET - UNQ CIRCULACION 21/07/2016 v. 1   907 CIE 54679 21/07/2016 2 Libros CG
    1 Biblioteca ESET - UNQ Biblioteca ESET - UNQ CIRCULACION 21/07/2016 v. 1   907 CIE 54680 21/07/2016 3 Libros CG
    1 Biblioteca ESET - UNQ Biblioteca ESET - UNQ CIRCULACION 21/07/2016 v. 1   907 CIE 54681 21/07/2016 4 Libros CG
    1 Biblioteca ESET - UNQ Biblioteca ESET - UNQ CIRCULACION 21/07/2016 v. 1   907 CIE 54682 21/07/2016 5 Libros CG

ESET UNQ

☏ 4365-7188
 Avenida República de Francia 1714 entre Doctor Kenny y Concordia, Ezpeleta, Bs As.
✉ secretaria_eset@unq.edu.ar

Con tecnología Koha